| 000 | 00508nam a2200181Ia 4500 | ||
|---|---|---|---|
| 003 | GCL | ||
| 008 | 140319s9999 xx 000 0 ara d | ||
| 040 |
_aGCL / _cGCL |
||
| 082 | 0 | 4 |
_a813.01 _bط ا |
| 100 | 1 | _aطلعت فهمى | |
| 245 | 1 | 0 |
_aاغنية حب حزينة: قصص / _cطلعت فهمى |
| 300 | _a143 ص | ||
| 490 |
_aمختارات فصول , 55 _v0 |
||
| 650 | 0 | 4 | _aالادب العربى |
| 650 | 0 | 4 | _aالادب |
| 650 | 0 | 4 | _aالقصص العربية القصيرة |
| 942 |
_2ddc _cBK |
||
| 999 |
_c46866 _d46866 |
||